000 00258nam a2200109Ia 4500
008 190216s9999||||xx |||||||||||||| ||und||
100 _aBhabani Bhattacharya
245 0 _aMusic For Mohini
260 _bAn Orient Paper Back
650 _aEnglish
942 _cBK
999 _c12840
_d12840